<?xml version="1.0" encoding="UTF-8"?>
<collection xmlns="http://www.loc.gov/MARC21/slim">
 <record>
  <leader>01368nam a2200229 a 4500</leader>
  <controlfield tag="001">1/52572</controlfield>
  <controlfield tag="008">210617s        enka          000 | eng d</controlfield>
  <datafield tag="020" ind1=" " ind2=" ">
   <subfield code="a">9789607916907 </subfield>
  </datafield>
  <datafield tag="040" ind1=" " ind2=" ">
   <subfield code="a">GR-PeUP</subfield>
  </datafield>
  <datafield tag="082" ind1="0" ind2="0">
   <subfield code="a">027.094 ΚΥΡ</subfield>
  </datafield>
  <datafield tag="100" ind1="1" ind2=" ">
   <subfield code="a">Κυραμαραγιού, Ελένη.</subfield>
  </datafield>
  <datafield tag="245" ind1="0" ind2="0">
   <subfield code="a">Ευρετήριο δημοτικού αρχείου Δραπετσώνας 1951-1980 /</subfield>
   <subfield code="c">Ελένη Κυραμαργιού.</subfield>
  </datafield>
  <datafield tag="260" ind1=" " ind2=" ">
   <subfield code="a">Αθήνα :</subfield>
   <subfield code="b">Ινστιτούτο Νεοελληνικών Ερευνών Εθνικού Ιδρύματος Ερευνών,</subfield>
   <subfield code="c">2010.</subfield>
  </datafield>
  <datafield tag="300" ind1=" " ind2=" ">
   <subfield code="a">158 σ. : </subfield>
   <subfield code="b">εικ. ; </subfield>
   <subfield code="c">24 εκ. + </subfield>
   <subfield code="e">1 σύμπυκνος δίσκος (CD-ROM).</subfield>
  </datafield>
  <datafield tag="490" ind1="1" ind2=" ">
   <subfield code="a">Ινστιτούτο Νεοελληνικών Ερευνών, Εθνικού Ιδρύματος Ερευνών ; </subfield>
  </datafield>
  <datafield tag="500" ind1=" " ind2=" ">
   <subfield code="a">Επίτιτλος: Δήμος Δραπετσώνας. </subfield>
  </datafield>
  <datafield tag="504" ind1=" " ind2=" ">
   <subfield code="a">Περιέχει βιβλιογραφία και ευρετήριο.</subfield>
  </datafield>
  <datafield tag="650" ind1=" " ind2="0">
   <subfield code="a">Archives </subfield>
   <subfield code="z">Greece</subfield>
   <subfield code="z">Attica (Nome)</subfield>
   <subfield code="z">Piraeus</subfield>
   <subfield code="z">Drapetsona.</subfield>
  </datafield>
  <datafield tag="650" ind1=" " ind2="4">
   <subfield code="a">Αρχεία</subfield>
   <subfield code="z">Ελλάδα </subfield>
   <subfield code="z">Αττική (Νομός)</subfield>
   <subfield code="z">Πειραιάς</subfield>
   <subfield code="z">Δραπετσώνα.</subfield>
  </datafield>
  <datafield tag="830" ind1="0" ind2="0">
   <subfield code="a">Ινστιτούτο Νεοελληνικών Ερευνών, Εθνικού Ιδρύματος Ερευνών ;</subfield>
   <subfield code="v">113</subfield>
  </datafield>
  <datafield tag="852" ind1=" " ind2=" ">
   <subfield code="a">INST</subfield>
   <subfield code="b">UNIPILB</subfield>
   <subfield code="c">MAIN</subfield>
   <subfield code="e">20210617</subfield>
   <subfield code="h">027.094951 ΚΥΡ</subfield>
   <subfield code="p">00162627</subfield>
   <subfield code="q">00162627</subfield>
   <subfield code="t">LOAN</subfield>
   <subfield code="y">0</subfield>
   <subfield code="4">1</subfield>
  </datafield>
  <datafield tag="960" ind1=" " ind2=" ">
   <subfield code="a">ΑΛΜΠΑΝΗ ΤΑΝΙΑ</subfield>
  </datafield>
 </record>
</collection>
